Corazon (recorte) /

Guardado en:
Autor Principal: Castillo Abelardo
Formato: Libro
Publicado: : , 1993
Series:First N§ 79
Materias:
Fc
Etiquetas: Agregar Etiqueta
Sin Etiquetas, Sea el primero en etiquetar este registro!
LEADER 00448nam a22001815a 4500
001 CEM.cems009204
005 20060214000000.0
008 130507s1993##################000#0#####d
003 CEMS
082 0 4 |a FA860 
100 1 |a Castillo Abelardo 
245 1 0 |a Corazon (recorte) / 
260 |a  :  |b ,  |c 1993 
300 |a 5 p. 
490 0 |a First N§ 79 
653 |a Fc 
653 |a Literatura-cuentos 
859 |a CEMS  |b BIB. CEMS - 11 de abril  |h FA860  |i 38  |p 1434.44  |t Ej.1